000 01551nam a2200253Ia 4500
003 Ost
005 20260507075247.0
008 260507s9999||||xx |||||||||||||| ||und||
020 _a33510699579
040 _cfsecg
041 _aara
082 _a330
100 _aبن حبتور، عبد العزيز صالح
_eمؤلف
245 0 _aمبادئ الإدارة العامة /
_c عبد العزيز صالح بن حبتور
260 _aعمان:
_bدار المسيرة للنشر والتوزيع,
_c2009
300 _a584 صفحة؛
_c24 سم
504 _aمراجع ص.565
520 _aالتعريف بالإدارة العامة ومكانتها- الإدارة العامة وتحديد طبيعتها- علاقة الإدارة العامة بالعلوم الاخرى- المدارس في الإدارة العامة وأبرز نظرياتها- النظرية البيروقراطية- مناهج دراسة الإدارة العامة- المبادئ العامة للإدارة العامة- التخطيط- التنظيم- القيادات الإدارية واتخاذ القرارات- القيادة وصفاتها- وظائف القيادة- اتخاذ القرارات- الدولة والإدارة العامة- الإدارة العامة في الدول العربية الإسلامية- الدولة والإدارة في اليمن.
653 _aإدارة الافراد
653 _aالإدارة
653 _aالادارة العامة
653 _aالإدارة- اليمن
942 _cكتاب
999 _c43667
_d43667